Normal view
MARC view
- Advisor Dr. Faheem Qaisar Jamal
Entry Personal Name
001 - CONTROL NUMBER
- control field: 69459
003 - CONTROL NUMBER IDENTIFIER
- control field: NUST
005 - DATE AND TIME OF LATEST TRANSACTION
- control field: 20210628204231.0
008 - FIXED-LENGTH DATA ELEMENTS
- fixed length control field: 210628|| aca||aabn | a|a d
040 ## - CATALOGING SOURCE
- Original cataloging agency: NUST
- Transcribing agency: NUST
100 ## - HEADING--PERSONAL NAME
- Personal name: Advisor Dr. Faheem Qaisar Jamal
670 ## - SOURCE DATA FOUND
- Source citation: Work cat.: (NUST): MUHAMMAD ROHAIL TAHIR 69458, TH-SOF-1556-THE IMPACT OF EMOTIONAL INTELLIGENCE (EI) AND ALTRUISM ON TURNOVER INTENTIONS (TI). A STUDY ON A PUBLIC SECTOR ORGANIZATION, 2018
